| 000 | 00622nam a2200241Ia 4500 | ||
|---|---|---|---|
| 003 | OSt | ||
| 005 | 20221005090407.0 | ||
| 006 | a|||||r|||| 00| 0 | ||
| 007 | ta | ||
| 008 | 221004b |||||||| |||| 00| 0 eng d | ||
| 024 | _a36237 | ||
| 037 | _cTextual | ||
| 040 |
_aCRL _cCRL _beng |
||
| 041 |
_2eng _aeng |
||
| 082 | _aN9151:9, J9 | ||
| 100 | _aArnott Peter D | ||
| 245 | 0 | _aIntroduction to the Greek theatre | |
| 260 |
_aNew York _bMacmillan & Co Ltd USA _c1959 |
||
| 300 |
_a239p _ccm. |
||
| 650 | _aARTS | ||
| 942 |
_hN9151:9, J9 _cTEXL _2cc |
||
| 999 |
_c995740 _d995740 |
||